[Event "CZE-chT2A 2223"]
[Site "Czech Republic"]
[Date "2023.03.26"]
[Round "11.4"]
[White "Orsagova, Silvie"]
[Black "Svejda, Karel"]
[Result "0-1"]
[WhiteElo "2066"]
[BlackElo "1754"]
[PlyCount "106"]
[EventDate "2022.10.16"]
[EventType "team-tourn"]
[EventRounds "11"]
[EventCountry "CZE"]
[SourceTitle "EXT 2024"]
[Source "ChessBase"]
[SourceDate "2023.10.10"]
[SourceVersion "1"]
[SourceVersionDate "2023.10.10"]
[SourceQuality "1"]
[WhiteTeam "Praha Dukla"]
[BlackTeam "Budejovice II"]
[WhiteTeamCountry "CZE"]
[BlackTeamCountry "CZE"]

1. d4 Nf6 2. Nf3 g6 3. c4 Bg7 4. Bg5 0-0 5. Nc3 d6 6. Qc2 c5 7. Rd1 Qa5 8. Qd2 cxd4 9. Nxd4 Nc6 10. Nb3 Qb4 11. e3 Be6 12. Bxf6 Bxf6 13. Rc1 Rfc8 14. Na1 Na5 15. b3 d5 16. a3 Qxa3 17. Rb1 Nxc4 18. Bxc4 dxc4 19. Nc2 cxb3 20. Nd4 Qb4 21. Nce2 Qxd2+ 22. Kxd2 Bxd4 23. Nxd4 Rd8 24. Kc3 Rac8+ 25. Kb4 Rc4+ 26. Ka3 Rc3 27. Rhd1 Rdc8 28. Nxe6 fxe6 29. Rd7 R8c7 30. Rxc7 Rxc7 31. Rxb3 Kf7 32. e4 e5 33. Rb5 Rc2 34. h4 Rxf2 35. Rxb7 Rxg2 36. h5 Re2 37. hxg6+ hxg6 38. Rxa7 Rxe4 39. Kb3 Rd4 40. Kc3 Kf6 41. Ra6+ Kf5 42. Ra7 g5 43. Rxe7 g4 44. Rf7+ Ke4 45. Rg7 Kf3 46. Re7 g3 47. Rxe5 Rf4 48. Kd2 g2 49. Re3+ Kf2 50. Re2+ Kg3 51. Re3+ Kh2 52. Re2 Kh1 53. Ke3 Rf1 0-1

[Event "CZE-chT2B 1920"]
[Site "Czech Republic"]
[Date "2020.01.12"]
[Round "6.6"]
[White "Prochazka, Dalibor"]
[Black "Orsagova, Silvie"]
[Result "0-1"]
[WhiteElo "2167"]
[BlackElo "2136"]
[PlyCount "120"]
[EventDate "2019.10.13"]
[EventType "team-tourn"]
[EventRounds "11"]
[EventCountry "CZE"]
[SourceTitle "EXT 2024"]
[Source "ChessBase"]
[SourceDate "2023.10.10"]
[SourceVersion "1"]
[SourceVersionDate "2023.10.10"]
[SourceQuality "1"]
[WhiteTeam "Karlovy Vary Tietz"]
[BlackTeam "Praha Dukla"]
[WhiteTeamCountry "CZE"]
[BlackTeamCountry "CZE"]

1. e4 d5 2. exd5 Qxd5 3. Nc3 Qa5 4. Nf3 Nf6 5. h3 c6 6. Bc4 Bf5 7. Qe2 Nbd7 8. d3 b5 9. Bb3 Nc5 10. Nd4 Nxb3 11. Nxb3 Qc7 12. Qf3 Qe5+ 13. Be3 Bd7 14. 0-0-0 Qf5 15. Qe2 Nd5 16. Ne4 Nxe3 17. Qxe3 Qd5 18. f4 h5 19. c4 bxc4 20. dxc4 Qxc4+ 21. Kb1 Bf5 22. Rd4 Qb5 23. Rc1 Rh6 24. g4 Bxe4+ 25. Rxe4 Rd6 26. Rec4 g6 27. Nd4 Qd5 28. Nxc6 Qd3+ 29. Qxd3 Rxd3 30. Ne5 Rdd8 31. gxh5 gxh5 32. Rc7 Bh6 33. Rg1 f6 34. Rg8+ Bf8 35. Rh8 fxe5 36. fxe5 Rac8 37. Rxc8 Rxc8 38. Rxh5 Rc5 39. b4 Rb5 40. a3 a5 41. Kc2 axb4 42. axb4 Rxb4 43. Kd3 Bg7 44. e6 Rb6 45. Rg5 Kf8 46. Rg6 Bf6 47. h4 Rxe6 48. h5 Re5 49. h6 Kf7 50. Rg2 Rh5 51. Ke4 Rxh6 52. Ra2 Rh4+ 53. Kf3 Kg6 54. Ra5 e5 55. Ke3 Kf5 56. Rb5 Rh3+ 57. Ke2 Ra3 58. Rb8 Bg5 59. Rb4 Ra2+ 60. Kf3 e4+ 0-1

[Event "CZE-ch blitz (Women)"]
[Site "Prague"]
[Date "2018.12.22"]
[Round "5"]
[White "Orsagova, Silvie"]
[Black "Worek, Joanna"]
[Result "0-1"]
[WhiteElo "2154"]
[BlackElo "2304"]
[PlyCount "84"]
[EventDate "2018.12.22"]
[EventType "swiss (blitz)"]
[EventRounds "15"]
[EventCountry "CZE"]
[SourceTitle "CBM 187 Extra"]
[Source "ChessBase"]
[SourceDate "2018.11.04"]
[SourceVersion "1"]
[SourceVersionDate "2018.11.04"]
[SourceQuality "1"]

1. d4 Nf6 2. Nf3 e6 3. c4 c5 4. d5 exd5 5. cxd5 d6 6. Nc3 g6 7. Bg5 Bg7 8. e3 0-0 9. Be2 a6 10. a4 h6 11. Bh4 Re8 12. 0-0 Nbd7 13. Nd2 g5 14. Bg3 Ne5 15. e4 Ng6 16. Qc2 Rb8 17. a5 b5 18. axb6 Rxb6 19. Nc4 Nf4 20. Bxf4 gxf4 21. Nxb6 Qxb6 22. Bf3 Bg4 23. Qe2 Bxf3 24. Qxf3 Qxb2 25. Rxa6 Nd7 26. Ne2 Ne5 27. Qh5 Qb5 28. Rxd6 f3 29. gxf3 Qxe2 30. Kg2 Nd3 31. Qg4 h5 32. Qg5 Re5 33. Rd8+ Kh7 34. Qg3 Qd2 35. Kh1 Rg5 36. Qh4 Bf6 37. Rd7 Kg7 38. Qh3 Nxf2+ 39. Rxf2 Qxf2 40. Rxf7+ Kxf7 41. Qe6+ Kg7 42. Qd7+ Kh6 0-1

[Event "CZE-chT2C 1718"]
[Site "Czech Republic"]
[Date "2018.01.28"]
[Round "7.3"]
[White "Orsagova, Silvie"]
[Black "Hrabal, Michal"]
[Result "1-0"]
[WhiteElo "2168"]
[BlackElo "2104"]
[PlyCount "23"]
[EventDate "2017.10.15"]
[EventType "team-tourn"]
[EventRounds "11"]
[EventCountry "CZE"]
[SourceTitle "EXT 2022"]
[Source "ChessBase"]
[SourceDate "2021.10.06"]
[SourceVersion "1"]
[SourceVersionDate "2021.10.06"]
[SourceQuality "1"]
[WhiteTeam "Praha Dukla"]
[BlackTeam "Jihlava Gambit"]
[WhiteTeamCountry "CZE"]
[BlackTeamCountry "CZE"]

1. d4 d5 2. Nf3 Nc6 3. Bf4 Bg4 4. e3 e6 5. a3 Bd6 6. Bg3 Nf6 7. c4 Bxg3 8. hxg3 e5 9. dxe5 Nxe5 10. cxd5 Nxd5 11. Qa4+ Bd7 12. Qe4 1-0

[Event "CZE-chT2C 1314"]
[Site "Czech Republic"]
[Date "2014.02.02"]
[Round "7.5"]
[White "Orsagova, Silvie"]
[Black "Motacek, Vladimir"]
[Result "1/2-1/2"]
[WhiteElo "2163"]
[BlackElo "2058"]
[PlyCount "45"]
[EventDate "2013.11.03"]
[EventType "team-tourn"]
[EventRounds "11"]
[EventCountry "CZE"]
[SourceTitle "EXT 2015"]
[Source "ChessBase"]
[SourceDate "2014.11.20"]
[SourceVersion "1"]
[SourceVersionDate "2014.11.20"]
[SourceQuality "1"]
[WhiteTeam "Praha Dukla"]
[BlackTeam "Jihlava Gambit"]
[WhiteTeamCountry "CZE"]
[BlackTeamCountry "CZE"]

1. d4 Nf6 2. Nf3 g6 3. c4 c6 4. Nc3 d5 5. cxd5 Nxd5 6. e4 Nxc3 7. bxc3 Bg7 8. Be2 0-0 9. 0-0 c5 10. Bb2 cxd4 11. cxd4 Nc6 12. Rb1 Bg4 13. d5 Bxf3 14. Bxf3 Na5 15. Bxg7 Kxg7 16. e5 Rc8 17. Qd4 b6 18. Rfc1 Nb7 19. d6 Rxc1+ 20. Rxc1 Nc5 21. Rd1 exd6 22. Bc6 Ne6 23. Qxd6 1/2-1/2

[Event "CZE-ch (Women)"]
[Site "Ledec nad Sazavou"]
[Date "2013.05.23"]
[Round "1"]
[White "Suchomelova, Simona"]
[Black "Orsagova, Silvie"]
[Result "1/2-1/2"]
[WhiteElo "1762"]
[BlackElo "2182"]
[PlyCount "67"]
[EventDate "2013.05.21"]
[EventType "tourn"]
[EventRounds "7"]
[EventCountry "CZE"]
[SourceTitle "CBM 154 Extra"]
[Source "ChessBase"]
[SourceDate "2013.06.25"]
[SourceVersion "2"]
[SourceVersionDate "2013.06.25"]
[SourceQuality "1"]

1. e4 d5 2. exd5 Qxd5 3. Nc3 Qa5 4. d4 Nf6 5. Nf3 c6 6. Bc4 Bf5 7. Bd2 e6 8. Nd5 Qd8 9. Nxf6+ Qxf6 10. c3 Bd6 11. Qe2 Nd7 12. 0-0-0 Bg4 13. Bd3 Bxf3 14. Qxf3 Qxf3 15. gxf3 0-0-0 16. Bg5 Rde8 17. Bh4 f5 18. Rhg1 Reg8 19. Bg3 f4 20. Bh4 Nf8 21. Rg4 Ng6 22. Bxg6 hxg6 23. Bg5 Rxh2 24. Bxf4 Bxf4+ 25. Rxf4 Rxf2 26. Rd2 Rf1+ 27. Rd1 Rxd1+ 28. Kxd1 Rd8 29. Ke2 Rd5 30. Rf7 Rd7 31. Rf4 Rd5 32. Rf7 Rd7 33. Rf4 Rd5 34. Rf7 1/2-1/2

[Event "CZE-chT2B 1213"]
[Site "Czech Republic"]
[Date "2012.11.04"]
[Round "2.5"]
[White "Orsagova, Silvie"]
[Black "Kozak, Milos"]
[Result "1-0"]
[WhiteElo "2181"]
[BlackElo "2153"]
[PlyCount "81"]
[EventDate "2012.10.14"]
[EventType "team-tourn"]
[EventRounds "11"]
[EventCountry "CZE"]
[SourceTitle "EXT 2015"]
[Source "ChessBase"]
[SourceDate "2014.11.20"]
[SourceVersion "1"]
[SourceVersionDate "2014.11.20"]
[SourceQuality "1"]
[WhiteTeam "Praha Dukla"]
[BlackTeam "Postovni sporitelna II"]
[WhiteTeamCountry "CZE"]
[BlackTeamCountry "CZE"]

1. d4 d5 2. Nf3 Nf6 3. c4 c6 4. Bg5 e6 5. e3 Nbd7 6. cxd5 exd5 7. Nc3 Be7 8. Bd3 0-0 9. 0-0 Re8 10. h3 Nf8 11. Bxf6 Bxf6 12. b4 a5 13. a3 axb4 14. axb4 Rxa1 15. Qxa1 Qd6 16. Qb2 Bd8 17. b5 Bc7 18. Qc2 Ng6 19. Rc1 Bb8 20. bxc6 bxc6 21. Na4 Bb7 22. Rb1 Bc8 23. Rb6 Bd7 24. Nc5 Bc8 25. Na6 Bd7 26. Qb2 Bc7 27. Rb7 Bd8 28. Qb4 Qxb4 29. Nxb4 Bc8 30. Rb8 Bc7 31. Ra8 Ne7 32. Ba6 Bd7 33. Ra7 Ba5 34. Nxd5 Nxd5 35. Rxd7 Rb8 36. Rb7 Ra8 37. Ne5 Bc7 38. e4 Bxe5 39. dxe5 Nc3 40. f3 g6 41. Bc4 1-0

[Event "CZE-chT2J 0203"]
[Site "Czech Republic"]
[Date "2002.??.??"]
[Round "2"]
[White "Cedikova, Katerina"]
[Black "Orsagova, Silvie"]
[Result "1/2-1/2"]
[WhiteElo "2184"]
[BlackElo "2221"]
[PlyCount "70"]
[EventDate "2002.10.??"]
[EventType "team"]
[EventRounds "11"]
[EventCountry "CZE"]
[SourceTitle "EXT 2007"]
[Source "ChessBase"]
[SourceDate "2006.11.23"]
[SourceVersion "1"]
[SourceVersionDate "2006.11.23"]
[SourceQuality "1"]

1. Nf3 Nf6 2. c4 e6 3. Nc3 Bb4 4. g3 d6 5. Bg2 0-0 6. 0-0 Bxc3 7. bxc3 Nbd7 8. d3 e5 9. e4 Nc5 10. Nh4 Bd7 11. f4 Bg4 12. Qc2 exf4 13. Bxf4 Qd7 14. Nf5 Bxf5 15. exf5 Rfe8 16. Bg5 Ng4 17. d4 Na4 18. Qd2 h6 19. h3 hxg5 20. hxg4 Rab8 21. Bd5 c6 22. Bf3 Qe7 23. Rae1 Qf6 24. Qc2 Nb6 25. Qb3 Re7 26. a4 c5 27. a5 Nd7 28. Bd5 Rbe8 29. Rxe7 Qxe7 30. Qxb7 Rb8 31. Qxa7 Qe3+ 32. Kh1 Qxg3 33. Qxd7 Qh3+ 34. Kg1 Qg3+ 35. Kh1 Qh3+ 1/2-1/2